LEADER 00938cam0-22003251i-450- 001 990005351920403321 005 20101230105930.0 035 $a000535192 035 $aFED01000535192 035 $a(Aleph)000535192FED01 035 $a000535192 100 $a19990604d1911----km-y0itay50------ba 101 0 $agrc$alat 102 $aDE 105 $ay-------001yy 200 1 $aAisopeiôn mytôn synagogé$d=Fabulae aesopicae collectae$fex recognitione Caroli Halmii 205 $aEditio stereotypa 210 $aLipsia$cB.G. Teubner$d1911 215 $aXIV, 215 p.$d18 cm 500 10$aFabulae$918697 676 $a887.01 700 1$aAesopus$f<6. saec. a. C.>$0154746 702 1$aHalm,$bKarl 801 0$aIT$bUNINA$gRICA$2UNIMARC 901 $aBK 912 $a990005351920403321 952 $aP2B-600-TEUB-AESOP.-401A-1911$bIst.Archeol. 13958$fFLFBC$mBRAU-13749 959 $aFLFBC 996 $aFabulae$918697 997 $aUNINA LEADER 01215nam0 22002651i 450 001 UON00349242 005 20231205104334.262 100 $a20091207d1975 |0itac50 ba 101 $aita 102 $aIT 105 $a|||| ||||| 200 1 $aˆLa ‰riorganizzazione dei ministeri nel quadro della riforma dell'amministrazione$eatti del convegno di studi svoltosi a catania nel 1974$fCentro italiano di studi amministrativi 210 $aPadova$cCedam$d1975 215 $a346 p. , 25 cm. 410 1$1001UON00349245$12001 $aPubblicazioni della facoltà di Economia e commercio dell'Università di Catania 606 $aORDINAMENTO MINISTERIALE$3UONC074666$2FI 620 $aIT$dPadova$3UONL000153 710 02$aCentro Italiano di Studi Amministrativi$3UONV101833$0236185 712 $aCedam$3UONV247039$4650 801 $aIT$bSOL$c20250207$gRICA 899 $aSIBA - SISTEMA BIBLIOTECARIO DI ATENEO$2UONSI 912 $aUON00349242 950 $aSIBA - SISTEMA BIBLIOTECARIO DI ATENEO$dSI PUB C 0234 $eSI SC 3543 5 0234 996 $aRiorganizzazione dei ministeri nel quadro della riforma dell'amministrazione$91360211 997 $aUNIOR